Las Relaciones comerciales de México y la Unión Europea a seis años del Tratado de Libre Comercio /
Zapisane w:
| 1. autor: | |
|---|---|
| Kolejni autorzy: | |
| Format: | Texto |
| Hasła przedmiotowe: | |
| Etykiety: |
Dodaj etykietę
Nie ma etykietki, Dołącz pierwszą etykiete!
|
MARC
| LEADER | 00000 a a2200000 04500 | ||
|---|---|---|---|
| 001 | 3634 | ||
| 003 | |||
| 040 | |||
| 100 | |a Anima Puentes, Santiaga | ||
| 245 | |a Las Relaciones comerciales de México y la Unión Europea a seis años del Tratado de Libre Comercio / |c Santiaga Anima Puentes | ||
| 650 | |a COMERCIO | ||
| 650 | |a CONVENIOS COMERCIALES | ||
| 650 | |a TLC | ||
| 650 | |a LIBRE COMERCIO | ||
| 650 | |a RELACIONES BILATERALES | ||
| 650 | |a MEXICO | ||
| 650 | |a EUROPA | ||
| 700 | |a Mendoza Pichardo, Gabriel | ||
| 773 | |g volumen 57, número 4; páginas 324-337 | ||
| 999 | |c 21825 |d 21825 | ||
